000 00486nam a2200169Ia 4500
999 _c21075
_d21075
003 OSt
005 20200605142809.0
008 190216s9999||||xx |||||||||||||| ||und||
020 _a9788172732776
040 _coclc
082 _a320.540954
_bSIN/I
100 _aSingh, Naunihal
_92551
245 0 _aIndia A Rising Power /
_cNaunihal Singh
260 _bAuthorspress,
_aDelhi:
_c2006.
300 _a261p
942 _cBK
_2ddc
_h320.540954
_iSIN/I
_k320.540954
_mSIN/I